000 00559nmm a2200169Ia 4500
008 251105s9999||||xx |||||||||||||||||und||
020 _a9788427721029
041 _aspa
100 _aDay, Christopher y Gu, Qing
245 0 _aEducadores resilientes, escuelas resilientes : Construir y sostener la calidad educativa en tiempos difíciles
264 _a[Madrid, España] :
_bNarcea Ediciones,
_c2015
300 _a240 páginas
490 _aEducadores XXI
650 _aEducation
856 _uhttps://public.digitaliapublishing.com/a/40841
942 _cCF
999 _c80804
_d80804